Normal view
MARC view
- College readers | English language -- Grammar |
Entry Topical Term
001 - CONTROL NUMBER
- control field: 125557
003 - CONTROL NUMBER IDENTIFIER
- control field: NUST
005 - DATE AND TIME OF LATEST TRANSACTION
- control field: 20240831115921.0
008 - FIXED-LENGTH DATA ELEMENTS
- fixed length control field: 240831|| aca||aabn | a|a d
040 ## - CATALOGING SOURCE
- Original cataloging agency: NUST
- Transcribing agency: NUST
150 ## - HEADING--TOPICAL TERM
- Topical term or geographic name entry element: College readers | English language -- Grammar |
670 ## - SOURCE DATA FOUND
- Source citation: Work cat.: (NUST): Langan, John , College Writing Skills with Readings /, c2023
